00857 2200277 4500001002100000005001700021008004100038020001800079035002400097040001200121082001100133090002000144100002300164245012900187250001100316260003700327300001800364500006700382650003100449700001800480700002400498850001200522990001500534990001500549990001500564YOGYA-0209000002935220090227024322.0 ind  a979-561-192-5 0010-020900000029352 aYOPDYOG a297.63 aT 297.63bYak H aYAKAN, Muna Haddad aHati-hati terhadap media yang yang merusak anakcMuna Haddad Yakan; penterjemah H.SAlim Basyarahid; penyyunting Iffa Karimah aCet. 7 aJakartabGema Insani Pressc1995 a79 hlmc18 cm aJudul asli : Abnaauna-Baina Wasaillie I'laam wa Akhlakil Islam aIslam dan pembinaan remaja aKarimah, Iffa aBasyarahil, H.Salim aYOPDYOG a97P0097251 a98P0106812 a98P0106811